| 000 | 00519nam a2200193Ia 4500 | ||
|---|---|---|---|
| 003 | IIN | ||
| 005 | 20240124145223.0 | ||
| 008 | 231217s9999 xx 000 0 und d | ||
| 020 |
_cRs.675.00 _a9789386310439 |
||
| 040 |
_aIIN _bEnglish |
||
| 082 |
_a362 _bSON |
||
| 100 | 1 | _aSoni, Samata | |
| 245 | 1 |
_aNational Health Progammes and Policies (2017-18) _cSamata Soni |
|
| 260 |
_bCBS _aNew Delhi _c2018 |
||
| 300 | _axi, 571 p. | ||
| 650 | 1 | _aCommunity Health Nursing | |
| 650 | 1 | _aHealth Progammes | |
| 942 | _cBOOK | ||
| 999 |
_c575 _d575 |
||